|
|
|
|
| LEADER |
00957nam a2200205 a 4500 |
| 001 |
GR-MES8635 |
| 008 |
020927r19941993enk 000 1 eng|c |
| 020 |
|
|
|a 0192823752
|
| 040 |
|
|
|a GrPaTEI
|b gre
|c GR-PaULI
|
| 100 |
1 |
|
|a Doyle, Arthur Conan,
|c Sir,
|d 1859-1930.
|
| 245 |
1 |
4 |
|a The memoirs of Sherlock Holmes /
|c Arthur Conan Doyle ; edited with an introduction by Christopher Roden.
|
| 260 |
|
|
|a Oxford :
|b Oxford University Press,
|c c1993,
|g 1994 [ανατύπωση].
|
| 300 |
|
|
|a lvii,321 σ. ;
|c 19 εκ.
|
| 490 |
0 |
|
|a World's classics
|
| 650 |
|
4 |
|a Αγγλική λογοτεχνία.
|
| 700 |
1 |
|
|a Roden, Christopher
|e επιμελητής
|e συγγραφέας εισαγωγής.
|
| 942 |
|
|
|2 ddc
|
| 952 |
|
|
|0 0
|1 0
|2 ddc
|4 0
|6 823_800000000000000_DOY
|7 0
|9 278967
|a MSLG
|b MSLG
|c BSC
|d 2021-01-17
|e 24
|f 0
|g 0.00
|l 0
|o 823.8 DOY
|p 2420000012456
|r 2021-01-17 00:00:00
|t 1
|w 2021-01-17
|y BK15
|x 20020927 0 1
|x GrPaTEI
|
| 971 |
|
|
|a .b25871067
|b 15-04-20
|c 14-09-16
|
| 999 |
|
|
|c 162494
|d 162494
|